R.P. Jacobi Platelli è Societate Jesu, Ss. Theolog. in Universitate Duacena Professoris, Synopsis Universi cursus theologici accuratissima (Record no. 8494)

MARC details
000 -CABECERA
campo de control de longitud fija 00945nam a2200217 a 4500
001 - NÚMERO DE CONTROL
campo de control BRCA_8843
005 - FECHA Y HORA DE LA ÚLTIMA TRANSACCIÓN
campo de control 20190320210431.0
008 - DATOS DE LONGITUD FIJA--INFORMACIÓN GENERAL
campo de control de longitud fija 120517s1787----it-#######---#000-0#lat-#
041 ## - CÓDIGO DE LENGUA
Código de lengua del texto/banda sonora o título independiente lat
044 ## - CÓDIGO DEL PAÍS DE LA ENTIDAD EDITORA/PRODUCTORA
Código MARC del país it
084 ## - OTRO NÚMERO DE CLASIFICACIÓN
Número de clasificación BE225
Número de documento/Ítem .P53 1787
100 1# - ENTRADA PRINCIPAL--NOMBRE DE PERSONA
Nombre de persona Platelli, Jacobi
9 (RLIN) 22029
245 10 - MENCIÓN DE TÍTULO
Título R.P. Jacobi Platelli è Societate Jesu, Ss. Theolog. in Universitate Duacena Professoris, Synopsis Universi cursus theologici accuratissima
Resto del título tomus quintus, continens de Incarnationes Verbi Divini Theologics, ac Concionatoribus perutilem, nec minus necessarium.
260 ## - PUBLICACIÓN, DISTRIBUCIÓN, ETC.
Lugar de publicación, distribución, etc. Venetiis
Nombre del editor, distribuidor, etc. Apud Josephum Corona
Fecha de publicación, distribución, etc. 1787
300 ## - DESCRIPCIÓN FÍSICA
Extensión 292 p. (t.5)
Dimensiones 15 x 9 cm.
500 ## - NOTA GENERAL
Nota general Superiorum permissu, ac Privilegio
500 ## - NOTA GENERAL
Nota general Estado físico: presenta encuadernación en pergamino con presencia del pez de plata, lomo semi desprendido y algunas hojas deterioradas
650 14 - PUNTO DE ACCESO ADICIONAL DE MATERIA--TÉRMINO DE MATERIA
Término de materia o nombre geográfico como elemento de entrada Teología
Subdivisión cronológica Obras anteriores a 1800
9 (RLIN) 22030
902 ## - CATALOGADOR
Iniciales CFM
942 ## - ELEMENTOS DE PUNTO DE ACCESO ADICIONAL (KOHA)
Fuente del sistema de clasificación o colocación Library of Congress Classification
Tipo de ítem Koha Libros
Holdings
Estado de retiro Estado de pérdida Estado dañado No para préstamo Localización permanente Ubicación/localización actual Fecha de adquisición Total de préstamos Signatura topográfica completa Código de barras Fecha visto por última vez Precio válido a partir de Tipo de ítem Koha
El ejemplar forma parte de la colección y puede ser consultado según las políticas vigentes.       Biblioteca del Museo Franz Mayer (Rogerio Casas-Alatriste) Biblioteca del Museo Franz Mayer (Rogerio Casas-Alatriste) 12/05/2017   BE225 .P53 1787 CFM00170 22/03/2019 22/03/2019 Libros